| 000 | 00536nam a22001817a 4500 | ||
|---|---|---|---|
| 003 | NUST | ||
| 038 | _aa | ||
| 082 | _aBESE-2 | ||
| 100 |
_aFaizan Khan _992683 |
||
| 245 | _aBiometric vaccination record management system | ||
| 260 |
_aIslamabad _bNUST-SEECS _c2015 |
||
| 300 |
_a67 _eCD Include |
||
| 500 | _aSupervisors: Dr. Muhammad Murtaza Khan, Dr. Awais Kamboh, Muhammad Qaisar Choudhary | ||
| 563 | _aHB | ||
| 700 |
_aMariam Farrukh _992684 |
||
| 856 | _uhttp://10.250.8.41:8080/xmlui/handle/123456789/7979 | ||
| 942 |
_cTHE _2ddc |
||
| 999 |
_c13281 _d13281 |
||